000 00500nam a2200193Ia 4500
003 OSt
005 20250131114954.0
008 210210b1969 xxu||||| |||| 00| 0 eng d
040 _cAL
041 _ahin
082 _aH891.4 HIND
100 _a-
_9196629
245 _aHindi gady sankalan P2:
_bहिंदी गद्य संकलन
260 _aGuvahati
_bAsam Rashtrbhasha Prachar Samiti
_c1969
300 _a260
690 _aHindi Prose
_9196630
906 _a029060
942 _2ddc
_cBK
999 _c80288
_d80288